Έρευνα για το θωρηκτό Μπίσμαρκ Battleship Bismark
Περιγράφει και αποκαλύπτει αποκλειστικές σκηνές απ'αυτή την σπουδαία υποβρύχια εξερεύνηση του Θωρηκτού Μπίσμαρκ.
Αποθηκεύτηκε σε:
| Συγγραφή απο Οργανισμό/Αρχή: | |
|---|---|
| Άλλοι συγγραφείς: | , |
| Μορφή: | |
| Γλώσσα: | English Greek |
| Δημοσίευση: |
[Washington D.C.] : Αθήνα :
National Geographic Society, Διανομή Home Video Hellas,
1989.
|
| Σειρά: | National Geographic Video
|
| Θέματα: | |
| Ετικέτες: |
Προσθήκη ετικέτας
Δεν υπάρχουν, Καταχωρήστε ετικέτα πρώτοι!
|
MARC
| LEADER | 00000cgm a2200000 i 4500 | ||
|---|---|---|---|
| 001 | 1/67484 | ||
| 008 | 041202s1989####us ||| | || ||eng|| | ||
| 035 | |l 10075595 | ||
| 040 | |a GR-MY-UA |b gre |e aacr | ||
| 041 | 0 | |a eng |j gre | |
| 082 | 0 | |a 910.9 |2 (22) | |
| 245 | 1 | 0 | |a Έρευνα για το θωρηκτό Μπίσμαρκ |h [μαγνητοσκόπηση] = |b Battleship Bismark / |c παραγωγή : Christine Weber, Peter Schnall ; National Geographic Society. |
| 246 | 1 | |i Παράλληλος τίτλος: |a Battleship Bismark | |
| 260 | |a [Washington D.C.] : |a Αθήνα : |b National Geographic Society, |b Διανομή Home Video Hellas, |c 1989. | ||
| 300 | |a 1 βιντεοκασέτα (60 λεπτ.) : |b ομιλ., έγχρ. ; |c 1/2 ίν. | ||
| 490 | 1 | |a National Geographic Video | |
| 508 | |a Παραγωγή του National Geographic; Εκτέλεση παραγωγής Tim Kelly, Tom Simon; Σενάριο Patrick Prentice. | ||
| 511 | 0 | |a Αφηγητής: Richard Kiley. | |
| 520 | |a Περιγράφει και αποκαλύπτει αποκλειστικές σκηνές απ'αυτή την σπουδαία υποβρύχια εξερεύνηση του Θωρηκτού Μπίσμαρκ. | ||
| 538 | |a VHS format. | ||
| 610 | 1 | 0 | |a Bismarck (Battleship) |
| 650 | 0 | 0 | |a Discoveries in geography. |
| 650 | 0 | 0 | |a World War, 1939-1945 |x Naval operations, German. |
| 650 | 0 | 0 | |a Underwater exploration |z North Atlantic Ocean. |
| 700 | 0 | |a Weber, Christine. |4 pro | |
| 700 | 0 | |a Schnall, Peter. |4 pro | |
| 710 | 2 | |a National Geographic Society (U.S.) | |
| 830 | 0 | |a National Geographic Video | |
| 852 | |a INST |b LESVOS |c AV |e 20041202 |h 910.9 ΕΡΕ |p 005100028062 |q 005100028062 |t VC |y 23 | ||
| 852 | |a INST |b LESVOS |c AV |e 20041202 |h 910.9 ΕΡΕ |p 005100028063 |q 005100028063 |t VC |y 23 | ||
| 852 | |a INST |b RHODES |c AV |e 20050214 |h 910.9 ΕΡΕ |p 005400017833 |q 005400017833 |t VC |y 23 | ||
| 901 | |a BIBL1-2004-3 | ||
| 901 | |a BIBL4-2005-1 | ||
| 909 | |a Λ |b 115465 | ||
| 909 | |a Λ |b 115466 | ||
| 909 | |a Ρ |b 042863 | ||
| 922 | |a 1ΕΛΗ |b 199303 |c ΤΑΚ/ΚΥΒ | ||
| 922 | |a 4 |b 199604 |c ΒΙΒΛΙΟΘΗΚΗ | ||
| 970 | |a ΜΑΡΙΝΑΤΟΥ |b ΜΥΡΣΙΝΗ |z 2004/12/02 | ||